Tabuľky kubatúry guľatiny a reziva

Enregistré dans:
Détails bibliographiques
Auteur principal: Kahák, Jozef (Auteur)
Format: Livre
Langue:slovaque
Publié: Bratislava : Alfa, 1975
Édition:6. vyd.
Tags: Ajouter un tag
Pas de tags, Soyez le premier à ajouter un tag!

MARC

LEADER 00000nam a22000003a 4500
001 stu140011
005 20150617225926.0
008 070413s1975----xo------------------slo-d
040 |a STU  |b slo 
041 0 |a slo 
044 |a xo 
080 |a 674(083.5) 
100 1 |a Kahák, Jozef  |4 aut 
245 1 |a Tabuľky kubatúry guľatiny a reziva 
250 |a 6. vyd. 
260 |a Bratislava :  |b Alfa,  |c 1975 
300 |a 212 s 
996 |b 284V030060  |c V*28809/O-11320  |l VVS  |s A  |a 24  |w stu140011_0001